[Event "XVIII Open"]
[Site "Cappelle la Grande FRA"]
[Date "2002.02.09"]
[Round "1"]
[White "Gyimesi,Z"]
[Black "Petran,Pe"]
[Result "1-0"]
[WhiteElo "2606"]
[BlackElo "2370"]

1.d4 g6 2.e4 Bg7 3.Nc3 d6 4.Be3 c6 5.Qd2 b5 6.f3 a6 7.g4 Nd7 8.h4 h5 9.gxh5 Rxh5
10.Nge2 Ngf6 11.Ng3 Rh8 12.O-O-O e5 13.dxe5 dxe5 14.h5 Nxh5 15.Nxh5 Rxh5
16.Rxh5 gxh5 17.Bh3 Qe7 18.Bh6 Nf8 19.Bxg7 Bxh3 20.Qh6 Ng6 21.Qxh5 Bd7 22.f4 O-O-O
23.fxe5 Be6 24.Bf6 Rxd1+ 25.Qxd1 Qd7 26.Qd6 Bg4 27.Qc5 Kb7 28.a4 Nf4 29.a5 Qc7
30.Qf2 Ng6 31.b4 Kc8 32.Qc5 Nf4 33.Qf2 Ng6 34.Qg1 Be6 35.Qc5 Bg4 36.Kb2 Nf4
37.Qf2 Ng6 38.Qg1 Be6 39.Qc5 Bg4 40.Kb1 Nf4 41.Qf2 Ng6 42.Qg1 Be6 43.Qc5 Bg4
44.Bg7 Nf4 45.Qg1 Be6 46.Qe3 Ng6 47.Qc5 Bg4 48.Bf8 Nxf8 49.Qxf8+ Kb7 50.Qc5 Kc8
51.Kc1 Qd7 52.Nd5 Qe6 53.Nf6 Be2 54.Qd6 Bc4 55.Kd2 Ba2 56.Ke3 Bb1 57.Qxe6+ fxe6
58.c3 c5 59.bxc5 Kc7 60.Kd4 Ba2 61.Nd5+ exd5 62.exd5  1-0

[Event "Aeroflot Open"]
[Site "Moscow RUS"]
[Date "2002.02.09"]
[Round "7"]
[White "Vokarev,S"]
[Black "Avrukh,B"]
[Result "1-0"]
[WhiteElo "2507"]
[BlackElo "2591"]

1.e4 d6 2.d4 g6 3.Nc3 Bg7 4.g3 Nf6 5.Bg2 O-O 6.Nge2 e5 7.O-O Nc6 8.dxe5 dxe5
9.Bg5 Be6 10.Nd5 Bxd5 11.exd5 Ne7 12.c4 Nf5 13.Nc3 h6 14.Bd2 Re8 15.Re1 Qd7
16.Qa4 Nd6 17.Rac1 Qxa4 18.Nxa4 Rad8 19.Nc5 Nh7 20.b3 Nf8 21.Nd3 f5 22.f4 e4
23.Ne5 Nf7 24.Nxf7 Bd4+ 25.Kf1 Kxf7 26.Ke2 Nd7 27.b4 Nb6 28.Red1 Na4 29.Rc2 Re7
30.Be1 Bf6 31.Bf1 Red7 32.Ke3 c6 33.g4 Nb6 34.gxf5 gxf5 35.Bh3 cxd5 36.Bxf5 Re7
37.cxd5 Rxd5 38.Rxd5 Nxd5+  1-0

[Event "Aeroflot Open"]
[Site "Moscow RUS"]
[Date "2002.02.09"]
[Round "8"]
[White "Beshukov,S"]
[Black "Korotylev,A"]
[Result "1/2-1/2"]
[WhiteElo "2465"]
[BlackElo "2564"]

1.e4 d6 2.d4 g6 3.Nc3 Bg7 4.Be3 a6 5.f4 b5 6.Nf3 Bb7 7.Bd3 Nd7 8.e5 e6 9.O-O Ne7
10.Ne4 Nb6 11.Qe2 Nf5 12.Bf2 Nd5 13.Qd2 h5 14.Neg5 Qd7 15.Rae1 Nde7 16.Ne4 Bd5
17.b3 Qc6 18.Nfg5 Kf8 19.c4 bxc4 20.bxc4 Bxc4 21.Bxc4 Qxc4 22.Rc1 Qd5 23.Rxc7 Bh6
24.Qb4 Bxg5 25.Nxg5 Rd8 26.a4 Kg7 27.Qb6 Rhe8 28.Qxa6 Nxd4 29.Qd3 dxe5 30.fxe5 Ndf5
31.Qxd5 Rxd5 32.Bc5 Rxe5 33.Bxe7 Rxe7 34.Rxe7 Nxe7 35.Rxf7+ Kg8 36.Rxe7 Rxg5
37.Rxe6 Rg4 38.a5 Kf7 39.Rb6 Ra4 40.a6 h4 41.h3 Ra2 42.Rb7+ Kf6 43.a7 Kf5
44.Kf1 Kf4 45.Rg7 Ke3 46.Kg1 g5 47.Rxg5 Rxa7 48.Rg4 Rh7 49.Kh2 Kf2 50.Rb4 Rh8
51.Rf4+ Ke3 52.Rf5 Ke4 53.Rg5 Kf4 54.Rg4+ Kf5 55.Kg1 Rh7  1/2-1/2

[Event "10th Open"]
[Site "Valle d'Aosta ITA"]
[Date "2002.02.10"]
[Round "2"]
[White "Estrada Nieto,J"]
[Black "Chatalbashev,B"]
[Result "1/2-1/2"]
[WhiteElo "2373"]
[BlackElo "2529"]

1.e4 g6 2.d4 Bg7 3.Nc3 d6 4.Nf3 a6 5.a4 b6 6.h3 Bb7 7.Be3 Nf6 8.Bd3 O-O 9.O-O Nc6
10.Qd2 e5 11.dxe5 dxe5 12.Bg5 Qd6 13.Bxf6 Bxf6 14.Nd5 Bg7 15.Bc4 Nd4 16.Nxd4 exd4
17.f4 b5 18.Ba2 c6 19.e5 Qd8 20.Nb4 c5 21.Nd3 Qc7 22.f5 c4 23.f6 Bh8 24.Qh6 Rfe8
25.Rf5 Qc6 26.Nf4 Qe4 27.Rh5 gxh5 28.Qg5+ Kf8 29.Qh6+ Kg8 30.Qg5+ Kf8 31.Qh6+  1/2-1/2

[Event "13th Asian Cities"]
[Site "Aden YEM"]
[Date "2002.02.11"]
[Round "6"]
[White "Vivek Kumar,S"]
[Black "Safin,S"]
[Result "0-1"]
[WhiteElo "2287"]
[BlackElo "2528"]

1.e4 g6 2.d4 Bg7 3.Nc3 d6 4.Bc4 c6 5.Qf3 e6 6.Nge2 Nd7 7.h4 Ngf6 8.Bb3 h5
9.Qg3 e5 10.dxe5 dxe5 11.f4 Ng4 12.f5 gxf5 13.exf5 Nc5 14.O-O Bf6 15.Be3 Bxh4
16.Qf3 Qe7 17.Ng3 Bxg3 18.Qxg3 f6 19.Bxc5 Qxc5+ 20.Kh1 Ke7 21.Rae1 Rh6 22.Ne4 Qb6
23.Nxf6 Rxf6 24.Rxe5+ Kf8 25.Qh4 Qd4 26.Ree1 Qd6 27.Rd1 Qe5  0-1

[Event "13th Asian Cities"]
[Site "Aden YEM"]
[Date "2002.02.11"]
[Round "6"]
[White "Janahi,Z"]
[Black "Edirisinghe,D"]
[Result "1-0"]
[WhiteElo "2166"]
[BlackElo "2200"]

1.e4 g6 2.d4 Bg7 3.Nc3 d6 4.Bg5 c5 5.dxc5 Qa5 6.Bd2 Qxc5 7.Nd5 Be6 8.Be3 Qc8
9.Bd4 f6 10.c4 Nc6 11.Bc3 Bf7 12.Nf3 e6 13.Ne3 Qd7 14.Qd2 Nge7 15.O-O-O O-O-O
16.Be2 Rhf8 17.Nd4 Kb8 18.Nb5 d5 19.exd5 exd5 20.Nxd5 Bxd5 21.cxd5 Nxd5 22.Bc4 Nce7
23.Qd4 Bh6+ 24.Bd2 Bxd2+ 25.Rxd2 b6 26.Rhd1 Qc8 27.Kb1 Nc6 28.Qh4 Ndb4 29.Qf4+ Ne5
30.Nd6 Qc7 31.Bb3 Nbc6 32.Nb5 Qe7 33.Bd5 Qc5 34.Bxc6 Rxd2 35.Qxd2 Qxc6 36.Qd6+ Qxd6
37.Rxd6 Rf7 38.Rd8+  1-0

[Event "10th Open"]
[Site "Valle d'Aosta ITA"]
[Date "2002.02.11"]
[Round "3"]
[White "Wyss,T"]
[Black "Tseitlin,Ma"]
[Result "0-1"]
[WhiteElo "2268"]
[BlackElo "2486"]

1.e4 g6 2.d4 Bg7 3.Nc3 d6 4.f4 Nf6 5.Nf3 O-O 6.Be3 b6 7.Qd2 Bb7 8.d5 c6 9.O-O-O b5
10.dxc6 Bxc6 11.e5 b4 12.exf6 bxc3 13.Qxc3 Bxf6 14.Bd4 Bxf3 15.gxf3 Nd7 16.Bxf6 Nxf6
17.f5 Rc8 18.Qe3 Qa5 19.fxg6 hxg6 20.Kb1 Nd5  0-1

[Event "10th Open"]
[Site "Valle d'Aosta ITA"]
[Date "2002.02.12"]
[Round "4"]
[White "Skripchenko,A"]
[Black "Volokitin,A"]
[Result "1/2-1/2"]
[WhiteElo "2498"]
[BlackElo "2586"]

1.e4 g6 2.d4 Bg7 3.Nc3 d6 4.Be3 c6 5.f4 Qb6 6.Qd2 Qxb2 7.Rb1 Qa3 8.Nf3 Nd7
9.Be2 Ngf6 10.e5 Ng4 11.Bg1 dxe5 12.dxe5 Bh6 13.Bd4 f6 14.exf6 Ngxf6 15.Ng5 Nb6
16.Qe3 O-O 17.Bc5 Qa5 18.O-O Bg7 19.Rb3 Nfd5 20.Nxd5 Nxd5 21.Bc4 h6 22.Bxd5+ cxd5
23.Ne6 Bxe6 24.Qxe6+  1/2-1/2

[Event "13th Asian Cities"]
[Site "Aden YEM"]
[Date "2002.02.13"]
[Round "9"]
[White "Kostenko,P"]
[Black "Faraj,Y"]
[Result "1-0"]
[WhiteElo "2495"]
[BlackElo "2209"]

1.e4 g6 2.d4 Bg7 3.Nc3 d6 4.f4 Nf6 5.Nf3 O-O 6.Bd3 c5 7.dxc5 dxc5 8.e5 Nd5
9.Nxd5 Qxd5 10.Qe2 Qd8 11.Be3 Qc7 12.O-O-O Nc6 13.a3 Bg4 14.h3 Bxf3 15.Qxf3 c4
16.Be4 c3 17.b4 Na5 18.Rd3 Rad8 19.bxa5 Qxa5 20.Kd1 Qxa3 21.Ke2 Qb2 22.Rxd8 Rxd8
23.Bc1 Qb4 24.Rd1 Rxd1 25.Kxd1 b5 26.Bd3 a5 27.Qc6 Qd4 28.Ke2 b4 29.Qa8+ Bf8
30.Be3 Qd7 31.f5 e6  1-0

[Event "FSGM February"]
[Site "Budapest HUN"]
[Date "2002.02.13"]
[Round "12"]
[White "Medvegy,Z"]
[Black "Vajda,L"]
[Result "1-0"]
[WhiteElo "2478"]
[BlackElo "2513"]

1.e4 d6 2.d4 g6 3.Nc3 Bg7 4.f4 c6 5.Nf3 b5 6.a3 a6 7.Be2 Nd7 8.O-O Nb6 9.Kh1 Nf6
10.Qe1 Ra7 11.Be3 d5 12.e5 Ng4 13.Bg1 h5 14.Bd3 e6 15.Ng5 Bf8 16.h3 Nh6 17.Ne2 Nc4
18.Qc1 Nf5 19.b3 Nb6 20.Bxf5 exf5 21.Qe3 Be6 22.Nc1 a5 23.Nd3 Be7 24.Bf2 a4
25.Nc5 Bxg5 26.fxg5 Qa8 27.Be1 axb3 28.cxb3 Rxa3 29.Rxa3 Qxa3 30.Bc3 Qa2
31.Ra1 Qc2 32.Ra6 f4 33.Qd2 Qb1+ 34.Qe1 Qf5 35.Rxb6 O-O 36.Qf2 Ra8 37.Kh2 b4
38.Rxb4  1-0

[Event "Petrov Mem Open"]
[Site "St Petersburg RUS"]
[Date "2002.02.13"]
[Round "2"]
[White "Alekseev,E"]
[Black "Chepukaitis,G"]
[Result "1-0"]
[WhiteElo "2552"]
[BlackElo "2402"]

1.e4 g6 2.d4 Bg7 3.Nc3 d6 4.f4 a6 5.Nf3 b5 6.Bd3 Nd7 7.e5 Bb7 8.Be4 Rb8 9.Bxb7 Rxb7
10.O-O Nb6 11.a4 b4 12.Ne4 a5 13.Qe2 Ra7 14.e6 f5 15.Neg5 Nh6 16.c4 O-O 17.h3 c6
18.b3 Na8 19.Be3 Nc7 20.Rad1 Ne8 21.d5 c5 22.Kh2 Nf6 23.Nh4 Qe8 24.Rg1 Kh8
25.g4 Ra8 26.Rg2 Nfg8 27.Rdg1 Bc3 28.Ngf3 Bg7 29.g5 Nf7 30.exf7 Rxf7 31.Bd2 e5
32.dxe6 Rc7 33.Re1 Rd8 34.Bc1 Ne7 35.Bb2 Qf8 36.Rd1 Kg8 37.Bxg7 Qxg7 38.Qb2 d5
39.cxd5 Rxd5 40.Rxd5 Nxd5 41.Qd2  1-0

[Event "Petrov Mem Open"]
[Site "St Petersburg RUS"]
[Date "2002.02.14"]
[Round "3"]
[White "Ivanov,O UKR"]
[Black "Izoria,Z"]
[Result "0-1"]
[WhiteElo "2350"]
[BlackElo "2547"]

1.e4 d6 2.d4 g6 3.Nc3 Bg7 4.f4 Nf6 5.Nf3 O-O 6.Be2 c5 7.dxc5 Qa5 8.O-O Qxc5+
9.Kh1 Nc6 10.Bd3 Bg4 11.Qe1 Bxf3 12.Rxf3 Rac8 13.Be3 Qa5 14.Bd2 Nb4 15.f5 Nc6
16.Rh3 Qd8 17.Qh4 Ne5 18.Nd5 h5 19.Nf4 Nfg4 20.Qg3 Nxd3 21.cxd3 Rc2 22.Rxh5 Nf6
23.fxg6 Rxd2 24.Rg5 e5 25.gxf7+ Rxf7 26.Rxg7+ Rxg7 27.Qxg7+ Kxg7 28.Ne6+ Kg6
29.Nxd8 Rxd3 30.Nxb7 Nxe4 31.Nd8 Rd2 32.b4 Nc3 33.a4 e4 34.Kg1 d5 35.b5 e3
36.Re1 d4 37.Ne6 e2 38.Kf2 Kf5 39.Nc5 Ke5 40.a5 Kd5 41.Nb3 Rb2 42.Nc1 Kc4
43.b6 a6 44.Nxe2 d3 45.h4 Nxe2 46.g4 d2 47.Rh1 Ng1  0-1

[Event "XVIII Open"]
[Site "Cappelle la Grande FRA"]
[Date "2002.02.16"]
[Round "8"]
[White "Degraeve,JM"]
[Black "Stryjecki,M"]
[Result "1-0"]
[WhiteElo "2591"]
[BlackElo "2445"]

1.e4 g6 2.d4 Bg7 3.Nc3 d6 4.f4 c6 5.Nf3 Bg4 6.Be3 Qb6 7.Qd2 Bxf3 8.gxf3 Nd7
9.O-O-O Qc7 10.h4 Ngf6 11.Bh3 O-O-O 12.e5 Nd5 13.Nxd5 cxd5 14.exd6 exd6 15.f5 Kb8
16.Bf4 Nf6 17.Rhe1 Rhe8 18.Qb4 Bf8 19.Bg5 Bg7 20.fxg6 hxg6 21.c3 Qc6 22.Qa5 a6
23.Re7 b6 24.Rxe8 Nxe8 25.Qxa6 Nc7 26.Qd3 Re8 27.h5 gxh5 28.Kb1 Qc4 29.Qc2 Qe2
30.Qb3 Kb7 31.Bd7 Rg8 32.a4 Bxd4 33.cxd4 Rxg5 34.Rc1 Rg2 35.a5 Qa6 36.Qc3 Qc4
37.Qa3 Qxd4 38.a6+ Ka8 39.a7  1-0

[Event "US Amateur Team East"]
[Site "Parsipanny USA"]
[Date "2002.02.16"]
[Round "1"]
[White "Sarkar,J"]
[Black "Cohen,J"]
[Result "1-0"]
[WhiteElo "2382"]
[BlackElo "2209"]

1.e4 g6 2.d4 Bg7 3.Nc3 d6 4.f4 Nf6 5.Nf3 O-O 6.Bd3 Nc6 7.O-O Bg4 8.e5 dxe5
9.dxe5 Nd5 10.h3 Bxf3 11.Qxf3 e6 12.Rd1 Nce7 13.Ne4 c6 14.c4 Nb4 15.Nf6+ Bxf6
16.Bxg6 Qa5 17.Bxh7+ Kxh7 18.exf6 Ng6 19.a3 Na6 20.Rd5 Qe1+ 21.Kh2 Kg8 22.Rg5 Qh4
23.f5 exf5 24.Qxf5  1-0

[Event "US Amateur Team East"]
[Site "Parsipanny USA"]
[Date "2002.02.16"]
[Round "1"]
[White "Ross,Ph"]
[Black "Burnett,R"]
[Result "0-1"]
[WhiteElo "2110"]
[BlackElo "2415"]

1.e4 g6 2.d4 Bg7 3.Nc3 d6 4.Be3 a6 5.Nf3 b5 6.Qd2 Nd7 7.a3 Bb7 8.Bd3 c5 9.O-O cxd4
10.Nxd4 Ngf6 11.Bh6 O-O 12.Bxg7 Kxg7 13.Rfe1 Rc8 14.Bf1 Qb6 15.Rad1 Rfe8
16.Nb3 Ne5 17.Nd5 Bxd5 18.exd5 Nc4 19.Bxc4 bxc4 20.Qa5 Qxa5 21.Nxa5 Rc5 22.Nc6 e6
23.Kf1 a5 24.b4 cxb3 25.cxb3 Nxd5 26.b4 axb4 27.Nxb4 Nxb4 28.axb4 Rc6 29.Re3 Rb8
30.Rb3 Rb5 31.Ke2 d5 32.f4  0-1

[Event "10th Open"]
[Site "Valle d'Aosta ITA"]
[Date "2002.02.17"]
[Round "9"]
[White "Chatalbashev,B"]
[Black "Georgiev,Vl"]
[Result "1-0"]
[WhiteElo "2529"]
[BlackElo "2560"]

1.d4 g6 2.e4 Bg7 3.Nc3 d6 4.f4 c6 5.Nf3 Bg4 6.Be3 Qb6 7.Qd2 Bxf3 8.gxf3 Qc7
9.O-O-O b5 10.h4 Nf6 11.e5 Nh5 12.Rg1 Nd7 13.d5 b4 14.dxc6 bxc3 15.cxd7+ Qxd7
16.Qxc3 O-O 17.Bc4 Rac8 18.Qd3 Qh3 19.exd6 exd6 20.f5 Qxh4 21.Rg4 Qf6 22.Bd4 Qxf5
23.Qxf5 gxf5 24.Rxg7+ Nxg7 25.Rg1 Rxc4 26.Rxg7+ Kh8 27.Bf6  1-0

[Event "US Amateur Team East"]
[Site "Parsipanny USA"]
[Date "2002.02.18"]
[Round "5"]
[White "Schneider,Dm"]
[Black "Bonin,J"]
[Result "1/2-1/2"]
[WhiteElo "2412"]
[BlackElo "2419"]

1.e4 g6 2.d4 Bg7 3.Nc3 d6 4.Nf3 Nf6 5.Be2 O-O 6.O-O Nc6 7.Bg5 h6 8.Bh4 g5
9.Bg3 Nh5 10.d5 Nxg3 11.hxg3 Nb8 12.Qd2 c6 13.a4 a5 14.Ra3 Na6 15.Bc4 Nc5
16.Re1 e6 17.dxe6 Bxe6 18.Bxe6 fxe6 19.Qe3 Qb6 20.Rb3 Qa7 21.Ra3 Na6 22.Qe2 g4
23.Nh2 Rxf2 24.Qxf2 Bd4 25.Nxg4 Bxf2+ 26.Nxf2 Nb4 27.Re2 Rf8 28.Nd1 Qa6 29.Rae3 Qb6
30.c3 Na6 31.e5 d5 32.Ng4 d4 33.cxd4 Qxd4 34.Ndf2 Nc5 35.Kh2 Qxa4 36.Nf6+ Kf7
37.Nd3 Nxd3 38.Rxd3 Qb5 39.Rd7+ Kg6 40.Re4 h5 41.Re7 Rd8 42.Rh7 Qf1 43.Rxh5 Qxf6
44.exf6 Kxh5 45.Rxe6 Kg6 46.Re7 Rh8+ 47.Kg1 Rh7 48.Rxh7 Kxh7 49.g4 Kg6 50.g5 a4
51.Kf2 b5 52.Ke3 b4 53.Kd3 c5 54.Kc2 c4 55.Kd2 Kf7 56.Kc1  1/2-1/2

[Event "US Amateur Team East"]
[Site "Parsipanny USA"]
[Date "2002.02.18"]
[Round "5"]
[White "Shapiro,Mi"]
[Black "Zaichik,G"]
[Result "0-1"]
[WhiteElo "2129"]
[BlackElo "2516"]

1.e4 g6 2.d4 Bg7 3.Nc3 d6 4.Be2 Nf6 5.e5 Nfd7 6.exd6 cxd6 7.Be3 Nf6 8.g4 h5
9.gxh5 Nxh5 10.Qd2 d5 11.O-O-O Nc6 12.Bf3 Nf6 13.Nge2 Bg4 14.Bg2 Bh3 15.Bxh3 Rxh3
16.Nf4 Rh7 17.f3 Qd7 18.Nd3 Qf5 19.Ne5 Rc8 20.Rde1 a6 21.Kb1 e6 22.Na4 Nxe5
23.dxe5 Nd7 24.f4 Rh4 25.Qf2 Rh3 26.Rhg1 Bh6 27.Rg3 Rh4 28.Rf3 Qh5 29.Re2 Rxh2
30.Qxh2 Qxf3 31.Bc1 Bf8 32.Re3 Qf1 33.Rd3 Rc7 34.Nc3 Nc5 35.Rd1 Qf3 36.Re1 d4
37.Qe2 Qxe2 38.Nxe2 d3 39.cxd3 Nxd3 40.Rd1 Nxc1 41.Rxc1 Rxc1+ 42.Kxc1 Kd7
43.Kc2 Bh6 44.Kb3 g5 45.fxg5 Bxg5 46.Kc4 Kc6 47.Kd4 Be7 48.Ke4 Kc5 49.Nd4 Bg5
50.Ne2 Kc4 51.Nc3 Bc1 52.Nd1 a5 53.b3+ Kb4 54.Nf2 Kc3 55.Nd3 Ba3 56.Ke3 b6  0-1

[Event "ch-Serbia"]
[Site "Leskovac YUG"]
[Date "2002.02.21"]
[Round "7"]
[White "Radovanovic,D"]
[Black "Vujadinovic,G"]
[Result "1/2-1/2"]
[WhiteElo "2346"]
[BlackElo "2394"]

1.e4 d6 2.d4 g6 3.Nc3 Bg7 4.f4 Nf6 5.Nf3 O-O 6.e5 dxe5 7.fxe5 Nd5 8.Bc4 Nb6
9.Be2 Nc6 10.O-O Bg4 11.Be3 f6 12.exf6 exf6 13.Qd2 Bxf3 14.Rxf3 f5 15.Rd1 Re8
16.Kh1 Qd7 17.Rff1 Rad8 18.Bg5 Rb8 19.d5 Nd4 20.Bd3 Nxd5 21.Bc4 c6 22.Qf2 Ne6
23.Nxd5 cxd5 24.Rxd5 Qc6 25.Rc5 Qd7 26.Rd5 Qc6 27.Bb3 Kh8 28.Be3 b6 29.Rfd1 Rbd8
30.Rxd8 Rxd8 31.Rxd8+ Nxd8 32.Bd4 Ne6 33.Bxg7+ Kxg7 34.Qh4 Nc5 35.Qc4  1/2-1/2

[Event "9th Open Metalis"]
[Site "Bizovac CRO"]
[Date "2002.02.22"]
[Round "3"]
[White "Buric,D"]
[Black "Jovic,C"]
[Result "1-0"]
[WhiteElo "2235"]
[BlackElo "2060"]

1.d4 g6 2.e4 d6 3.Nc3 Bg7 4.Be3 Nf6 5.f3 c6 6.Qd2 b5 7.O-O-O Qa5 8.Kb1 Be6
9.d5 Bd7 10.g4 b4 11.Nce2 cxd5 12.g5 Nh5 13.exd5 Bb5 14.Ng3 Na6 15.Nxh5 gxh5
16.Ne2 Bc4 17.Nc1 Qb5 18.Bd4 Bxf1 19.Bxg7 Rg8 20.Rhxf1 Rxg7 21.Qd4 Kf8 22.f4 Qc5
23.Qe4 Qc7 24.Qe2 Qb7 25.Qxh5 Nc7 26.f5 Kg8 27.Rg1 Nxd5 28.f6 Rg6 29.Rg3 e6
30.Rd4 Kh8 31.Rh4 h6 32.Qxh6+ Rxh6 33.Rxh6+ Kg8 34.Rgh3  1-0

[Event "Open"]
[Site "Antalya TUR"]
[Date "2002.02.24"]
[Round "3"]
[White "Atakisi,U"]
[Black "Silapon,A"]
[Result "1-0"]
[WhiteElo "2311"]
[BlackElo "2220"]

1.e4 d6 2.d4 g6 3.Nc3 Bg7 4.Be3 Nf6 5.Qd2 Nc6 6.d5 Nb8 7.Nf3 Nbd7 8.Bh6 O-O
9.h4 Nc5 10.Bd3 e6 11.Bxg7 Kxg7 12.h5 Nxh5 13.g4 Nxd3+ 14.cxd3 Qf6 15.O-O-O Qxf3
16.gxh5 Kf6 17.hxg6 hxg6 18.e5+ Ke7 19.Qg5+ f6 20.Rh7+ Rf7 21.Qxg6 fxe5 22.Rdh1 Ke8
23.dxe6  1-0

[Event "ch-RUS Boys U20"]
[Site "Vladimir RUS"]
[Date "2002.03.01"]
[Round "1"]
[White "Sitnikov,D"]
[Black "Inarkiev,E"]
[Result "0-1"]
[WhiteElo "2381"]
[BlackElo "2500"]

1.e4 g6 2.d4 Bg7 3.Nc3 d6 4.g3 Nf6 5.Bg2 O-O 6.Nge2 e5 7.h3 Nc6 8.O-O Bd7
9.d5 Ne7 10.Be3 b5 11.Qd2 Qc8 12.Kh2 Qb7 13.f4 b4 14.Nd1 exf4 15.Bxf4 Kh8
16.Bh6 Bxh6 17.Qxh6 Neg8 18.Qd2 Bb5 19.Qxb4 Qa6 20.Qc3 Kg7 21.Rxf6 Nxf6 22.Nd4 c5
23.dxc6 Rae8 24.Ne3 Re5 25.Nd5 Rc8 26.a4 Bxc6 27.Nb4 Bb7 28.Qxc8 Bxc8 29.Nxa6 Bxa6
30.Nc6 Rc5 31.Nxa7 Rxc2  0-1

[Event "Cupa Martisor Open"]
[Site "Bucharest ROM"]
[Date "2002.03.02"]
[Round "3"]
[White "Grigore,N"]
[Black "Bogza,O"]
[Result "1-0"]
[WhiteElo "2363"]
[BlackElo "2128"]

1.e4 d6 2.d4 g6 3.Nc3 Bg7 4.Be3 Nf6 5.f3 c6 6.Qd2 Qa5 7.g4 h5 8.g5 Nfd7 9.f4 b5
10.Bd3 b4 11.Nce2 Ba6 12.Nf3 Bxd3 13.Qxd3 d5 14.O-O e6 15.a3 bxa3 16.Rxa3 Qb6
17.c4 dxe4 18.Qxe4 Qxb2 19.Qd3 Qb7 20.Rb3 Qc7 21.Rfb1 O-O 22.c5 Rd8 23.Rb7 Qc8
24.Qa3 a6 25.Qa5 Rf8 26.Rc7 Qd8 27.Rbb7 f6 28.h4 Rf7 29.Qa2 Re7 30.Nc3 f5
31.Na4 a5 32.Nb6 Ra6 33.Rc8  1-0

[Event "Cupa Martisor Open"]
[Site "Bucharest ROM"]
[Date "2002.03.04"]
[Round "6"]
[White "Anghel,V"]
[Black "Sava,C"]
[Result "0-1"]
[WhiteElo "2420"]
[BlackElo "2020"]

1.e4 g6 2.d4 Bg7 3.Nc3 d6 4.f4 a6 5.Nf3 b5 6.Bd3 Bb7 7.a3 Nd7 8.e5 e6 9.Be3 Ne7
10.Ne4 Nd5 11.Qe2 N7b6 12.b3 O-O 13.O-O Qd7 14.Bd2 Rae8 15.c4 bxc4 16.bxc4 f5
17.Neg5 Ne7 18.Rab1 Ba8 19.exd6 Nc6 20.Ne5 Bxe5 21.dxe5 Na4 22.Bc2 Nd4 23.Qd3 Nxc2
24.Qxc2 h6 25.Nf3 Be4 26.Qa2 Bxb1 27.Rxb1 cxd6 28.Bb4 Nc5 29.Rd1 Qa7  0-1

[Event "Club Maracaibo"]
[Site "Medellin COL"]
[Date "2002.03.05"]
[Round "5"]
[White "Cuartas,J"]
[Black "Gamboa,N"]
[Result "1-0"]
[WhiteElo "2435"]
[BlackElo "2363"]

1.e4 g6 2.d4 Bg7 3.Nc3 d6 4.Nf3 Nf6 5.Be2 O-O 6.O-O c6 7.a4 Bg4 8.a5 Nbd7
9.Be3 d5 10.h3 Bxf3 11.Bxf3 dxe4 12.Nxe4 Nxe4 13.Bxe4 Qc7 14.c3 Rad8 15.Qb3 Kh8
16.Bf3 Nf6 17.Rfe1 Nd5 18.Bg5 h6 19.Bxd5 hxg5 20.Bxf7 e5 21.Bxg6 Rf6 22.Bd3 exd4
23.c4 Rdf8 24.Re2 g4 25.hxg4 Rh6 26.g3 Rf3 27.Kg2 Qf7 28.Qc2 Rd6 29.Rh1+ Kg8
30.c5 Rdf6 31.g5 R6f5 32.Bxf5 Rxf5 33.Qe4 Rxg5 34.Qe8+ Qxe8 35.Rxe8+ Kf7
36.Rb8 Rxc5 37.Rxb7+ Kg6 38.b4 Rc2 39.Rd1 Rc4 40.Rxa7 Rxb4 41.Rc1 Be5 42.Rxc6+ Kf5
43.Rc5 d3 44.f4 Kg4 45.Rg7+  1-0

[Event "ch-RUS Boys U20"]
[Site "Vladimir RUS"]
[Date "2002.03.05"]
[Round "5"]
[White "Panarin,M"]
[Black "Inarkiev,E"]
[Result "1/2-1/2"]
[WhiteElo "2413"]
[BlackElo "2500"]

1.e4 g6 2.d4 Bg7 3.Nc3 d6 4.f4 Nf6 5.Nf3 c5 6.Bb5+ Bd7 7.e5 Ng4 8.e6 fxe6
9.Ng5 Bxb5 10.Nxb5 Qa5+ 11.c3 Qxb5 12.Nxe6 Na6 13.Qxg4 Bf6 14.dxc5 Kf7 15.Kf2 h5
16.Qh3 Nxc5 17.Nxc5 Qxc5+ 18.Qe3 Rhc8 19.Re1 Qxe3+ 20.Bxe3 Rc4 21.Rad1 Rac8
22.Kf3 a6 23.Re2 b5 24.g3 R8c6 25.Red2 Ke6  1/2-1/2

[Event "ch-RUS Boys U20"]
[Site "Vladimir RUS"]
[Date "2002.03.05"]
[Round "5"]
[White "Kosintseva,N"]
[Black "Klyashtorny,V"]
[Result "1-0"]
[WhiteElo "2340"]
[BlackElo "2327"]

1.e4 g6 2.d4 Bg7 3.Nc3 d6 4.Be3 c6 5.Qd2 Nd7 6.Nf3 Qc7 7.Bd3 b5 8.Ne2 Nb6
9.b3 Bd7 10.O-O Nf6 11.Bh6 O-O 12.Bxg7 Kxg7 13.e5 Nh5 14.h3 f5 15.Nf4 Nxf4
16.Qxf4 Rae8 17.Rfe1 Be6 18.Re2 Nd5 19.Qd2 h6 20.Rae1 Qd7 21.c4 bxc4 22.bxc4 Nb6
23.Qc3 Kh7 24.h4 d5 25.c5 Na8 26.Rb2 Rb8 27.Reb1 Qc7 28.Ba6 Rxb2 29.Qxb2 Qa5
30.Qb7 Nc7 31.Qxc6 Bf7 32.Bd3 Ne6 33.Qd7 Qc3 34.Bf1 Rg8 35.Qxd5 Rg7 36.Qb3 Qa5
37.Bc4 Nd8 38.Bxf7 Nxf7 39.c6 g5 40.Qe6 g4 41.Qxf5+ Kh8 42.Rb8+ Nd8 43.Qd7 Kh7
44.Qxd8  1-0

[Event "German Individual Cup"]
[Site "Baden-Baden GER"]
[Date "2002.03.09"]
[Round "2"]
[White "Langrock,H"]
[Black "Darius,H"]
[Result "1-0"]
[WhiteElo "2297"]
[BlackElo "2250"]

1.e4 g6 2.d4 Bg7 3.Nc3 d6 4.Be3 c6 5.Qd2 Nd7 6.Bd3 b5 7.Nf3 a6 8.a4 b4 9.Ne2 a5
10.O-O Qc7 11.c3 Rb8 12.Rfc1 h6 13.cxb4 Rxb4 14.Qc2 Nb8 15.h3 Nf6 16.e5 Nd5
17.Bd2 Rb7 18.Bxg6 dxe5 19.dxe5 Bxe5 20.Bxa5 Qd6 21.Nxe5 Qxe5 22.Bd3 Rg8
23.Ng3 Rxg3 24.fxg3 Rxb2 25.Qc5 Bxh3 26.Bf1 Bxg2 27.Bxg2 Qe2 28.Bxd5 Qh2+
29.Kf1 Qh3+ 30.Kg1 Qxg3+ 31.Kf1 Qh3+ 32.Kg1 Qh2+ 33.Kf1 Qe2+ 34.Kg1 Nd7 35.Qd4 Ne5
36.Rxc6 Qh2+ 37.Kf1 Qh3+ 38.Ke1 Nd3+ 39.Qxd3 Qh4+ 40.Kd1 Qg4+ 41.Bf3 Qg1+
42.Be1 Rb8 43.Rac1 Rd8 44.Rc8  1-0

[Event "TCh-CZE 2001-2"]
[Site "CZE"]
[Date "2002.03.09"]
[Round "8"]
[White "Voloshin,L"]
[Black "Cicak,S"]
[Result "1-0"]
[WhiteElo "2437"]
[BlackElo "2545"]

1.e4 g6 2.d4 Bg7 3.Nc3 d6 4.Be3 a6 5.f4 b5 6.Be2 b4 7.Nb1 Bb7 8.Bf3 Nf6 9.Nd2 e5
10.fxe5 dxe5 11.d5 O-O 12.Nh3 a5 13.c4 bxc3 14.bxc3 c6 15.c4 cxd5 16.cxd5 Bxd5
17.exd5 e4 18.Nxe4 Nxe4 19.Bxe4 Re8 20.Nf2 Bc3+ 21.Ke2 Nd7 22.Rc1 Bg7 23.d6 Rb8
24.Qd2 Rb4 25.Rhd1 Qh4 26.Kf1 Qxh2 27.Bc6 Rb2 28.Rc2 Rxc2 29.Qxc2 Rxe3 30.Bxd7 Bc3
31.Bg4 Qe5 32.Qxc3 Rxc3 33.d7 Rc2 34.d8=Q+ Kg7 35.Qd4 Qxd4 36.Rxd4 Rxa2 37.Bd1 Rb2
38.Rd7 h5 39.Ra7 Rb5 40.Ne4 Rf5+ 41.Bf3 h4 42.Nd6 Rf4 43.Ke2 a4 44.Ke3 g5
45.Ne4 Kg6 46.Rxa4 Rf5 47.Ra6+ Kg7 48.Rc6 Rd5 49.Rc5 Rxc5 50.Nxc5 f5 51.Bb7 Kf6
52.Nd3 Ke6 53.Kf3 Kf6 54.Bc8 Kg6 55.Nf2 Kf6 56.Nd1 Ke5 57.Ne3 h3 58.gxh3 g4+
59.Nxg4+ fxg4+ 60.hxg4  1-0

[Event "TCh-ISR"]
[Site "ISR"]
[Date "2002.03.09"]
[Round "6"]
[White "Lederer,Y"]
[Black "Chernomordik,P"]
[Result "0-1"]
[WhiteElo "2283"]
[BlackElo "2260"]

1.e4 g6 2.d4 Bg7 3.Nc3 d6 4.Nf3 a6 5.Be3 b5 6.Qd2 Bb7 7.Bd3 Nd7 8.a4 b4 9.Ne2 Ngf6
10.e5 Ng4 11.e6 fxe6 12.Ng5 Nf8 13.Nf4 Bc8 14.Qxb4 e5 15.dxe5 Nxe5 16.Be4 c6
17.O-O d5 18.Rad1 Qd6 19.Bc5 a5 20.Bxd6 axb4 21.Bxe5 Bxe5 22.Nxd5 Rb8 23.Ne3 Bd7
24.Nc4 Bf6 25.Nf3 c5 26.b3 Ne6 27.Nce5 Nd4 28.Nxd4 cxd4 29.f4 g5 30.Nc6 Rb6
31.Nxd4 gxf4 32.Ne2 Bg4 33.Bf3 Bf5 34.Bh5+ Kf8 35.Rxf4 Bxc2 36.Rd8+ Kg7 37.Rxh8 Kxh8
38.Bf7 Bg5 39.Rg4 Be3+ 40.Kh1 h5 41.Rg3 Rf6 42.Rxe3 Rf1+ 43.Ng1 Rxf7 44.Nf3 Kg7
45.h4 Kf8 46.Nd4 Rf1+ 47.Kh2 Bd1 48.Kg3 Kf7 49.Nc6 Rf6 50.Nxe7 Rd6 51.Nf5 Rg6+
52.Kh2 Rc6 53.Re4 Bc2 54.Rf4 Rf6 55.Nd6+ Ke6 56.Rxf6+ Kxf6 57.Ne8+ Ke5 58.Nc7 Kd4
59.a5 Bxb3 60.a6 Ba4 61.a7 Bc6 62.Nb5+ Kc5 63.Nc7 b3 64.Ne6+ Kc4 65.Ng5 b2
66.Nf3 Kc3  0-1

[Event "National Open"]
[Site "Las Vegas USA"]
[Date "2002.03.09"]
[Round "4"]
[White "Blatny,P"]
[Black "Zlotnikov,M"]
[Result "1-0"]
[WhiteElo "2433"]
[BlackElo "2358"]

1.e4 g6 2.d4 Bg7 3.Nc3 d6 4.Nf3 Nf6 5.Be2 O-O 6.O-O c6 7.a4 Qa5 8.Bd2 Nbd7
9.b4 Qc7 10.Qc1 e5 11.Bh6 exd4 12.Nxd4 Qb6 13.Rd1 Qxb4 14.Bxg7 Kxg7 15.Qd2 Re8
16.Rab1 Qa5 17.Nb3 Qb4 18.Nd4 Qa5 19.Nb3 Qc7 20.f3 d5 21.exd5 Nxd5 22.Nxd5 cxd5
23.Bb5 a6 24.Bxd7 Bxd7 25.a5 Rad8 26.Nd4 Bc8 27.Rb6 h6 28.h4 Re5 29.Ne2 Qe7
30.Nf4 d4 31.Qf2 Rf5 32.Re1 Qc7 33.Nd3 Rxa5 34.Rb4 Rad5  1-0

[Event "Ciocaltea Mem"]
[Site "Bucharest ROM"]
[Date "2002.03.10"]
[Round "7"]
[White "Miljanic,B"]
[Black "Parligras,M"]
[Result "0-1"]
[WhiteElo "2431"]
[BlackElo "2498"]

1.e4 g6 2.d4 Bg7 3.Nc3 d6 4.Be3 a6 5.Qd2 b5 6.a4 b4 7.Nce2 a5 8.Ng3 Nd7 9.Nf3 c5
10.c3 h5 11.h4 Ngf6 12.e5 bxc3 13.bxc3 cxd4 14.cxd4 dxe5 15.dxe5 Ng4 16.e6 fxe6
17.Bd4 Nde5 18.Bb5+ Bd7 19.Bxe5 Nxe5 20.Nxe5 Bxe5 21.Rd1 Bxb5 22.Qc2 Bd7
23.Qxg6+ Kf8 24.Ne4 Qe8 25.Qg5 Bg7 26.Rh3 Bxa4 27.Nc5 Kg8 28.Nxe6 Rh7 29.Rg3 Qf7
30.Qd5 Rc8 31.Rb1 Kh8 32.Qe4 Bc2 33.Rc1 Bxe4 34.Rxc8+ Qg8 35.Rxg8+ Kxg8 36.Ng5 Bd5
37.Nxh7 Kxh7 38.Rg5 Bf7 39.Ke2 e5 40.Rg3 a4 41.Rc3 Bf8 42.Rc7 Kg8  0-1

[Event "TCh-AUT 2001-2"]
[Site "Dornbirn AUT"]
[Date "2002.03.10"]
[Round "11"]
[White "Hertneck,G"]
[Black "Hickl,J"]
[Result "1/2-1/2"]
[WhiteElo "2551"]
[BlackElo "2601"]

1.e4 g6 2.d4 d6 3.Nc3 Bg7 4.Be3 a6 5.Qd2 b5 6.f3 Nd7 7.a4 b4 8.Nd1 Rb8 9.Ne2 e5
10.Nf2 a5 11.dxe5 Nxe5 12.Nd4 Bd7 13.Be2 Nf6 14.O-O O-O 15.b3 Re8 16.Rad1 Qc8
17.h3 Nc6 18.Nxc6 Bxc6  1/2-1/2